LEADER 00913nam0-22003011i-450- 001 990003934380403321 010 $a0415221927 035 $a000393438 035 $aFED01000393438 035 $a(Aleph)000393438FED01 035 $a000393438 100 $a20021206d2001----km-y0itay50------ba 101 0 $aeng 200 1 $a<>evolution of economic diversity$fedited by Antonio Nicita and Ugo Pagano 210 $aLondon$cRoutledge$d2001 215 $aviii, 446 p.$d24 cm 225 1 $aRoutledge Siena studies in political economy 610 0 $aEconomia evoluzionistica 700 1$aNicita,$bAntonio$080530 701 1$aPagano,$bUgo$f<1951- >$077881 801 0$aIT$bUNINA$gRICA$2UNIMARC 901 $aBK 912 $a990003934380403321 952 $aB/1.0 NIC/02$b1984$fSES 952 $aB/1.0 NIC/02$b19840$fSES 959 $aSES 996 $aEvolution of economic diversity$9511468 997 $aUNINA LEADER 01080nam0-22003251i-450 001 990003169060403321 005 20191002094355.0 035 $a000316906 035 $aFED01000316906 035 $a(Aleph)000316906FED01 100 $a20000920d1982----km-y0itay50------ba 101 0 $aita 102 $aIT 200 1 $aProgetto finalizzato "Aree Metropolitane"$e1 parte$eOfferta di trasporto$fMinistero dei Trasporti. Direzione Generale Programmazione, Organizzazione e Coordinamento. 210 $aRoma$cTipo-lito FS$d[1982?] 215 $a1 v.$d29 cm 676 $aF/3.111 676 $aH/3.1 710 01$aItalia.$bMinistero dei trasporti e della navigazione.$bDirezione generale programmazione, organizzazione e coordinamento$0375694 801 0$aIT$bUNINA$gRICA$2UNIMARC 901 $aBK 912 $a990003169060403321 952 $aDep H/3.1 PRO$bs.n.257$fSES 952 $aCC5/1$b3052$fDINTR 952 $aW5/29$bs.i.$fDINTR 959 $aSES 959 $aDINTR 996 $aProgetto finalizzato "Aree Metropolitane"$91540866 997 $aUNINA DB $aING01 LEADER 00909nam--2200325---450 001 990003193640203316 005 20220601120947.0 010 $a2-87106-164-5 035 $a000319364 035 $aUSA01000319364 035 $a(ALEPH)000319364USA01 035 $a000319364 100 $a20090206d1996----km-y0itay50------ba 101 $afre 102 $aBE 105 $a||||||||001yy 200 1 $aCarte d'embarquement$epoèmes$fRose-Marie François 210 $aBruxelles$cLe Cri & J. Darras$d1996 215 $a133 p.$d23 cm 676 $a840.99 700 1$aFRANÇOIS,$bRose-Marie$0440211 801 0$aIT$bsalbc$gISBD 912 $a990003193640203316 951 $aXV.4.A. 1316$b2250 LM$cXV.4.A.$d00186169 959 $aBK 969 $aFF 979 $aMARIAS$b90$c20090206$lUSA01$h1120 979 $aMARIAS$b90$c20100503$lUSA01$h1740 996 $aCarte d'embarquement$91016134 997 $aUNISA